00458nam a22001697a 450000500170000001000140001702000110003103500130004203700130005508200130006810000160008124500530009726000380015027000550018830000220024365000230026520100806123118.0 aENG-98629 c110.00 aEN-82161 bDBAD/PUB a910.0203 aKavitha, T. aGlossary for physical geography /bby T. Kavitha aChennaibPavai Publicationsc2008 aJhani Jhan Khan Road, RoyappettaibChennaie600014 a237p.c20cm (pbk) aPhysical geography